NOPLP Révisions - On The Road Again - Statistiques

Statistiques générales
  • Ce quiz a été pris 2 fois
  • Le résultat moyen est 9 sur 20
Statistiques - réponses
Réponse % Correct
Nous étions jeunes et larges d'épaules
100%
Ami sais-tu que les mots d'amour
50%
Au petit jour on quittait l'Irlande
50%
Bandits joyeux insolents et drôles
50%
Dans les blés mûrs y a des fleurs sauvages
50%
Et derrière nous s'éclairait la lande
50%
Il fallait bien un jour qu'on nous pende
50%
La mer revient toujours au rivage
50%
N'y pense plus tu es de passage
50%
On attendait que la mort nous frôle
50%
On the road again again On the road again again
50%
On the road again again On the road again again
50%
On the road again again On the road again again
50%
On the road again again On the road again again
50%
On the road again On the road again On the road again On the road again
50%
Tu partiras encore plus lourd
50%
Voyagent mal de nos jours
50%
Elle nous a pris les beaux et les drôles
0%
Nous étions jeunes et larges d'épaule
0%
On attendait que la mort nous frôle
0%
Aucun quiz correspondant
Distribution des résultats
% des personnes avec chaque résultat
Percentile par nombre de réponses
Votre historique - résultats
Vous n’avez pas pris ce quiz